01369cam a2200301Ia 4500008004100000020002200041049000900063090001600072100001500088245027500103246002200378260007400400300002700474504004100501650003900542650004100581700002200622700002300644710010500667710005400772907003500826003000100861005001700862040000900879942002300888999001900911952013700930  a0797417524 (pbk.) aMAIN aHQ1802bLET1 aLetuka, P.10aBeyond inequalities.pWomen in Lesotho /cwritten by Puleng Letuka, Keiso Matashane, Bantu L. Morolong ; produced by WLSA Lesotho and the Women In Development Southern Africa Awareness (WIDSAA) programme of the Southern African Research and Documentation Centre (SARDC).3 aWomen in Lesotho. aHarare, Zimbabwe :bSARDC ;aMaseru, Lesotho :bWLSA Lesotho,cc1997. a60 p. :bmap ;c26 cm. aIncludes bibliographical references. 0aWomenzLesothoxSocial conditions. 0aWomenzLesothoxEconomic conditions.1 aMatashane, Keiso.1 aMorolong, Bantu L.2 aSouthern African Research and Documentation Centre.bWomen in Development Southern Africa Awareness.2 aWomen and Law in Southern Africa Trust.bLesotho. a.b10206590b18-03-13c05-07-0620230123134224.0 cNUST cBOOKSkHQ1802mLET c162154d162154 r2023-01-23 00:00:00l0oHQ1802 LETp92004002421v80.00w2023-01-23yBOOKS102LCC40708NFIC00aMAINbMAINcGENd2023-01-23g80.00